| 000 | 00687nam a22002177a 4500 | ||
|---|---|---|---|
| 999 |
_c6263 _d6263 |
||
| 003 | AR-CdUCM | ||
| 008 | 190314b ||||| |||| 00| 0 spa d | ||
| 040 |
_aMUNICIPALIDAD PROVINCIAL DEL CUSCO _cBIBLIOTECA MUNICIPAL DEL CUSCO |
||
| 082 |
_a869 / _bF39 |
||
| 100 |
_aFernández, Amando _918009 |
||
| 245 | _aAntología Personal / | ||
| 260 |
_aLima : _bIndustrialGráfica ; _c1991. |
||
| 300 |
_a59 páginas ; _c21cm |
||
| 440 |
_aColección del Sol Blanco _918010 |
||
| 505 | _aContenido: Poesía | ||
| 650 |
_aPoesía latinoamericana _92147 |
||
| 650 |
_aLiteratura latinoamericana _96194 |
||
| 700 |
_aCampodonico, Jaime (editor) _918011 |
||
| 942 |
_2ddc _cLIBROS |
||
| 945 | _anom | ||